| 000 | 00453nam a22001697a 4500 | ||
|---|---|---|---|
| 003 | BD-ChCU | ||
| 005 | 20260416095022.0 | ||
| 008 | 260416b bg ||||| |||| 00| 0 ben d | ||
| 040 | _cBD-ChCU | ||
| 082 | _a551.6 THW | ||
| 100 |
_aThompson, Philip D. and others. _921536 |
||
| 245 |
_aWeather.// _cThompson, Philip D. and others. |
||
| 260 |
_aNew York _bTime-Life Books. _c1968 |
||
| 300 | _a200p | ||
| 650 | 0 |
_aWeather. _921539 |
|
| 942 |
_2ddc _cBK _n0 |
||
| 999 |
_c112232 _d112232 |
||